Design drawing

Bibliographic Details
Main Authors: Ching, Francis D. K. (Author), Juroszek, Steven P. (Author)
Format: Book
Language:English
Published: Hoboken, New Jersey John Wiley & Sons, Inc 2010
Edition:Second edition
Subjects:

MARC

LEADER 00000cam a2200000 7i4500
001 0000028163
005 20241121.0
008 181220 njub b eng
040 |a INS   |b eng   |e rda 
090 0 0 |a CD 550 
100 1 |a Ching, Francis D. K. ,   |e author 
245 0 0 |a Design drawing   |c Francis D. K. Ching with Steven P. Juroszek 
250 |a Second edition 
264 1 |a Hoboken, New Jersey   |c John Wiley & Sons, Inc   |c 2010 
300 |a 1 compact disc ;   |c 4 3/4 inci. 
336 |a Audio  |2 rdacontent 
336 |a computer dataset  |2 rdacontent 
337 |a computer  |2 rdamedia 
338 |a computer disc  |2 rdacarrier 
500 |a This companion CD-ROM elucidates the principle projection system and drawing techniques through three-dimensional animations, video clips, and explanatory audio 
650 0 |a Architectural drawing   |x Technique 
700 1 |a Juroszek, Steven P. ,   |e author 
999 |a CD00000553   |b CD-ROM   |c Media Collection   |e Default branch